Vista normal Vista MARC

Entrada Materia (personas)

Número de registros utilizados en: 1

001 - CONTROL NUMBER

  • control field: 37636

003 - CONTROL NUMBER IDENTIFIER

  • control field: Co-BoUCM

005 - DATE AND TIME OF LATEST TRANSACTION

  • control field: 20130516114638.0

008 - FIXED-LENGTH DATA ELEMENTS

  • fixed length control field: 130516|| aca||aabn | a|a d

040 ## - CATALOGING SOURCE

  • Original cataloging agency: Co-BoUCM
  • Transcribing agency: Co-BoUCM

100 ## - HEADING--PERSONAL NAME

  • Personal name: Franciscus
  • Titles and other words associated with a name: de Mayronis
  • Dates associated with a name: ca. 1285-ca. 1328.

670 ## - SOURCE DATA FOUND

  • Source citation: Work cat.: (Co-BoUCM)38542: Franciscus de Mayronis ca. 1285-ca. 1328., [Sermones de laudibus sanctorum et dominicales per totum annus cum aliquibus tractatibus utilimissimis pro predicandi officio, 1493.